Identify the Tollywood Film #4 - Statistics

General Stats
  • This quiz has been taken 66 times
  • The average score is 12 of 20
Answer Stats
Picture Answer % Correct
Devara: Part 1
97%
Lucky Baskhar
90%
Acharya
84%
Virupaksha
81%
Hanu Man
79%
Janatha Garage
72%
Pushpa 2: The Rule
72%
Sankranthiki Vasthunam
69%
Bro
67%
Double iSmart
64%
Khaidi No. 150
64%
Gaami
57%
Aravinda Sametha
52%
Sarkaru Vaari Paata
52%
Swag
52%
Saripodhaa Sanivaaram
48%
KA
47%
Naa Saami Ranga
40%
Ooru Peru Bhairavakona
31%
Maruthi Nagar Subramanyam
19%
No matching quizzes found
Score Distribution
Percent of People with Each Score
Percentile by Number Answered
Your Score History
You have not taken this quiz